Prénoms dans un titre de films - Statistiques

Statistiques générales
  • Ce quiz a été pris 153 fois
  • Le résultat moyen est 10 sur 16
Statistiques - réponses
HINT HINT ANSWER % Correct
_____ au Pays des Merveilles Sapritch Alice
97%
_____ aux mains d'argent Hopper Edward
88%
_____ Deschamps Didier
84%
Les garçons et _____ , à table ! Le Conquérant Guillaume
80%
_____ Victoria Hugo Victor
80%
Quand _____ rencontre Sally Truman Harry
76%
Chère _____ Seydoux Léa
73%
I Am _____ Jordan Michael
70%
Sauvez _____ Brandt Willy
68%
_____ Trotski Léon
61%
_____ Boutin Christine
48%
_____ X Malcolm
45%
_____ Khrouchtchev Nikita
44%
_____ Smet Jean-Philippe
42%
_____ Trésor Marius
39%
_____ Charles Ray
20%
Aucun quiz correspondant
Distribution des résultats
% des personnes avec chaque résultat
Percentile par nombre de réponses
Votre historique - résultats
Vous n’avez pas pris ce quiz